Ч. 2; Повышение роли стандартизации и метрологии в обеспечении интенсификации общественного производства

Dades bibliogràfiques
Parent link:Повышение роли стандартизации и метрологии в обеспечении интенсификации общественного производства: тезисы докладов VI Всесоюзной конференции молодых ученых и специалистов Госстандарта, 19-21 ноября 1985 г./ СССР, Государственный комитет по стандартам (Госстандарт). Ч. 2.— : [Б. и.], 1985
Idioma:rus
Publicat: 1985
Matèries:
Format: MixedMaterials Llibre
KOHA link:https://koha.lib.tpu.ru/cgi-bin/koha/opac-detail.pl?biblionumber=277627

MARC

LEADER 00000nam2a2200000 4500
001 277627
005 20231101235031.0
035 |a (RuTPU)RU\TPU\book\300903 
035 |a RU\TPU\book\299085 
090 |a 277627 
100 |a 20141117d1985 k y0rusy50 ca 
101 0 |a rus 
102 |a UA 
105 |a y z 101zy 
200 0 |a Ч. 2 
210 |d 1985 
215 |a 149 с. 
320 |a Библиография в конце статей 
461 1 |0 (RuTPU)RU\TPU\book\299085  |t Повышение роли стандартизации и метрологии в обеспечении интенсификации общественного производства  |o тезисы докладов VI Всесоюзной конференции молодых ученых и специалистов Госстандарта, 19-21 ноября 1985 г.  |f СССР, Государственный комитет по стандартам (Госстандарт)  |v Ч. 2  |n [Б. и.]  |d 1985 
606 1 |a Стандартизация  |2 stltpush  |3 (RuTPU)RU\TPU\subj\67652  |9 83373 
606 1 |a Метрология  |2 stltpush  |3 (RuTPU)RU\TPU\subj\43497  |9 62988 
610 1 |a продовольственная программа 
610 1 |a сельское хозяйство 
610 1 |a качество 
610 1 |a управление 
610 1 |a изделия 
610 1 |a безотказность 
610 1 |a стандарты 
610 1 |a внедрение 
610 1 |a экономическая эффективность 
610 1 |a конференции 
675 |a 658.516(063)  |v 3 
675 |a 006(063)  |v 4 
801 0 |a RU  |b 63413507  |c 20010227  |g PSBO 
801 1 |a RU  |b 63413507  |c 20141127 
801 2 |a RU  |b 63413507  |c 20171221  |g RCR 
942 |c BK